000 00612nam a22001817a 4500
005 20251108165523.0
008 250721s1986 xx 000 0 ara d
082 1 4 _aم/910.4/جبي
100 1 _aإبن جبير، أبو الحسين محمد بن أحمد
245 1 0 _aرساله اعتبار الناسك في ذكر الاثار الكريمه و المناسك المعروفه /
264 1 _aبيروت :
_bدار و مكتبه الهلال،
_c1986.
300 _a287ص0
490 0 _aادب الرحلات
650 1 7 _aالرحلات
650 1 7 _aسفر
942 _2ddc
_cREF
999 _c29856
_d29856